=LDR 00000nam 2200000 4500 =001 INLIS000000000002735 =005 20130612091046 =008 ***********************************Ind** =035 ##$$0010-061300000002735 =041 ##$$a Ind =082 ##$$a 646.4 =090 ##$$a 646.4, Pus a =100 ##$$a Puspo, Gul =245 ##$$a Aneka celana, Goel Poespo =260 ##$$a 2000 $b Yogyakarta =300 ##$$a vii, 66 hlm., ilus, 20 cm =650 ##$$a Aneka Celana =850 ##$$a NBPNMAT